| 000 | 00923cab a2200265 4500 | ||
|---|---|---|---|
| 001 | ABS53616 | ||
| 008 | 090401t1995 xxu||||| |||| 00| 0 eng d | ||
| 035 | _a(Sirsi) u5372 | ||
| 041 | _aeng | ||
| 100 | _aDoran, I. | ||
| 245 | _aRent review: headline rents v open market rents | ||
| 260 | _c1995 | ||
| 350 | _a0 | ||
| 490 |
_aJournal of the Law Society of Scotland _v40(9) September 1995, 349-353(5) |
||
| 520 | _aExplains the background to the case "Church Commissioners for England and Sears Property Glasgow Ltd v Etam plc", and examines the court`s approach and the basis of its decision. | ||
| 650 | _aCHURCH COMMISSIONERS FOR ENGLAND & SEARS PROPERTY GLASGOW LTD V ETAM P | ||
| 650 | _aCOMMERCIAL LEASES | ||
| 650 | _aHEADLINE RENTS | ||
| 650 | _aOPEN MARKET RENT | ||
| 650 | _aRENT REVIEWS | ||
| 650 | _aSCOTLAND | ||
| 690 | _aLANDLORD AND TENANT-RENT REVIEWS | ||
| 942 | _n0 | ||
| 948 | _c04/03/1997 | ||
| 999 |
_c3195 _d3195 |
||